Riconosci la Squadra di calcio - Quiz n°162 - Statistics

Statistiche generali
  • Questo quiz è stato fatto 7 volte
  • Il punteggio medio è 10 su 11
Statistiche sulle risposte
Indizio Risposta % Corretto
Titoli nazionali 9 campionati sauditi
100%
Confederazione AFC
100%
Colori sociali Giallo, blu
100%
Fondazione 1955
86%
Rifondazione 1959
86%
Trofei internazionali 1 Coppa delle Coppe dell'AFC
1 Supercoppa d'Asia
2 Coppe dei Campioni del Golfo
1 Coppa dei Campioni araba per club
86%
Capienza Stadio 25 000 posti
86%
Trofei nazionali 6 Coppe del Re dei Campioni
3 Coppe del Principe della Corona saudita
2 Supercoppe saudite
86%
Squadra Al-Nassr
86%
Divisione nazionale 2023-2024 Prima
86%
Scioglimento 1957
71%
Nessun quiz corrispondente trovato
Distribuzione punteggi
Percentuale di utenti per punteggio
Percentile per numero di risposta
I tuoi punteggi nel tempo
Non hai fatto questo quiz